skbl

Dr Suryya Kumar Bhuyan Library Web-OPAC
ডঃ সূৰ্য্য
কুমাৰ ভূঞা পুথিভঁৰাল ৱেব-অ'পেক

All Research Scholars are advised to clear the annual library fees to continue using Library Resources, Remote Access, Plagiarism Test and Library Clearance.

Cotton University Book Fair 2026

Theory and Problems of Theoretical Mechanics / (Record no. 20580)

MARC details
000 -LEADER
fixed length control field 00940nam a2200337Ia 4500
001 - CONTROL NUMBER
control field 20598
005 - DATE AND TIME OF LATEST TRANSACTION
control field 20240114000523.0
007 - PHYSICAL DESCRIPTION FIXED FIELD--GENERAL INFORMATION
fixed length control field ta
008 - FIXED-LENGTH DATA ELEMENTS--GENERAL INFORMATION
fixed length control field 060224s1967 a g b000 u 465 u
020 ## - INTERNATIONAL STANDARD BOOK NUMBER
International Standard Book Number 0-07-099025-5
040 ## - CATALOGING SOURCE
Original cataloging agency Cotton College,Assam
041 ## - LANGUAGE CODE
Language code of text/sound track or separate title 465
082 ## - DEWEY DECIMAL CLASSIFICATION NUMBER
Classification number 531
Item number Sp 41 Th
100 ## - MAIN ENTRY--PERSONAL NAME
Personal name Spiegel, Murray R..
245 #0 - TITLE STATEMENT
Title Theory and Problems of Theoretical Mechanics /
Statement of responsibility, etc. Murray R.Spiegel.
Medium Textual Documents
250 ## - EDITION STATEMENT
Edition statement 1st ed, SI metric ed /
260 ## - PUBLICATION, DISTRIBUTION, ETC.
Place of publication, distribution, etc. New York :
Name of publisher, distributor, etc. McGraw - Hill book company ,
Date of publication, distribution, etc. C1967& 1980.
300 ## - PHYSICAL DESCRIPTION
Extent 367p. :
Other physical details ill ;
Dimensions 24cm .
440 ## - SERIES STATEMENT/ADDED ENTRY--TITLE
Title Schaum`s Otline Seris,
490 ## - SERIES STATEMENT
Series statement Schaum`s Otline Seris,
500 ## - GENERAL NOTE
General note Including 720 Solved Problems
653 ## - INDEX TERM--UNCONTROLLED
Uncontrolled term Mechanics-Theoretical
653 ## - INDEX TERM--UNCONTROLLED
Uncontrolled term G-Physics
653 ## - INDEX TERM--UNCONTROLLED
Uncontrolled term PG-Physics
942 ## - ADDED ENTRY ELEMENTS (KOHA)
Source of classification or shelving scheme Dewey Decimal Classification
Koha item type Books
Holdings
Withdrawn status Lost status Damaged status Not for loan Collection Home library Current library Date acquired Coded location qualifier Total checkouts Full call number Barcode Date last seen Date last checked out Copy number Price effective from Koha item type Total renewals
          Dr. Suryya Kumar Bhuyan Library Dr. Suryya Kumar Bhuyan Library 01/02/2012 00000 1 531 Sp 41 Th 91093 26/08/2025 12/08/2025 4 01/02/2012 Books  
          Dr. Suryya Kumar Bhuyan Library Dr. Suryya Kumar Bhuyan Library 01/02/2012 00000   531 Sp 41 Th 818/Math 14/01/2024   1 01/02/2012 Books  
          Dr. Suryya Kumar Bhuyan Library Dr. Suryya Kumar Bhuyan Library 01/02/2012 00000 2 531 Sp 41 Th 88039 11/02/2026 10/11/2025 2 01/02/2012 Books 2
          Dr. Suryya Kumar Bhuyan Library Dr. Suryya Kumar Bhuyan Library 01/02/2012 00000 1 531 Sp 41 Th 91055 20/02/2026 08/08/2024 3 01/02/2012 Books  

Designed and Maintained by Team SKBL
©1901-2026

Powered by Koha